| 000 | 00833cam a2200205 a 4500 | ||
|---|---|---|---|
| 001 | 11836479 | ||
| 005 | 20240322004748.0 | ||
| 008 | 990316s1998 ce b 101 0 eng | ||
| 020 | _a9555800324 | ||
| 040 |
_aDLC _cDLC _dDLC |
||
| 082 | 0 | 0 |
_a324.294 _221 _bDEM. |
| 245 | 0 | 0 |
_aDemocratisation in South Asia : _bthe first fifty years / _cedited by John M. Richardson, S.W.R. de A. Samarasinghe. |
| 260 |
_aKandy : _bInternational Centre for Ethnic Studies, _c1998. |
||
| 300 | _aiv, 348 p. ; | ||
| 500 | _a"International Centre for Ethnic Studies, Kandy, Sri Lanka in association with the Canadian International Development Agency, the Ford Foundation, the Friedrich Ebert Stiftung, the MacArthur Foundation." | ||
| 650 | 0 | _aDemocracy | |
| 700 | 1 |
_aRichardson, John M. _eedt |
|
| 700 | 1 |
_aSamarasinghe, S. W. R. de A. _eedt |
|
| 942 | _cL | ||
| 999 |
_c595 _d595 |
||